ბათუმის შოთა რუსთაველის სახელმწიფო უნივერსიტეტის ბიბლიოთეკა

სუბტროპიკული ტექნიკური კულტურების აგროკლიმატური პირობები და პროგნოზები. (ბიბ.ჩანაწერი № 44694)

000 -LEADER
fixed length control field 01056nam a2200217Ia 4500
001 - CONTROL NUMBER
control field 11498
003 - CONTROL NUMBER IDENTIFIER
control field GE_BSU
008 - FIXED-LENGTH DATA ELEMENTS--GENERAL INFORMATION
fixed length control field 181216s||||||||xx |||||||||||||| ||und||
040 ## - CATALOGING SOURCE
Transcribing agency GE_BSU
080 ## - UNIVERSAL DECIMAL CLASSIFICATION NUMBER
Universal Decimal Classification number 633.5/9(213)+63:551.58
100 ## - MAIN ENTRY--PERSONAL NAME
Personal name მელაძე,გ.
245 ## - TITLE STATEMENT
Title სუბტროპიკული ტექნიკური კულტურების აგროკლიმატური პირობები და პროგნოზები.
245 ## - TITLE STATEMENT
Statement of responsibility, etc. საზოგ.რედ:თ.დავითაია; შ.ცერცვაძე; მხატვ:ტ.შეყილაძე.
260 ## - PUBLICATION, DISTRIBUTION, ETC.
Place of publication, distribution, etc. თბილისი
260 ## - PUBLICATION, DISTRIBUTION, ETC.
Name of publisher, distributor, etc. საბჭოთა საქართველო
260 ## - PUBLICATION, DISTRIBUTION, ETC.
Date of publication, distribution, etc. 1971
300 ## - PHYSICAL DESCRIPTION
Extent 156გვ;20სმ.
300 ## - PHYSICAL DESCRIPTION
Other physical details რუკები;ცხრ.
653 ## - INDEX TERM--UNCONTROLLED
Uncontrolled term სუბტროპიკული ტექნიკური კულტურების აგროკლიმატური პირობები და პროგნოზები.
942 ## - ADDED ENTRY ELEMENTS (KOHA)
Koha item type წიგნი
ეგზემპლარები
Withdrawn status Lost status Damaged status Not for loan Date acquired Barcode Date last seen Price effective from Koha item type
        2018-12-17 20125 2018-12-17 2018-12-17 წიგნი